| 000 | 00523nam a2200193Ia 4500 | ||
|---|---|---|---|
| 003 | GCL | ||
| 008 | 140319s9999 xx 000 0 eng d | ||
| 040 |
_aGCL / _cGCL |
||
| 082 | 0 | 4 |
_a793.3 _bC D |
| 100 | 1 | _aCRUMP, JANICE LAPOINTE | |
| 245 | 1 | 0 |
_aDISCOVORING JAZZ DANCE AMERICAN'S ENERGY AND SOUL / _cCRUMP, JANICE LAPOINTE |
| 700 | 1 | _aSTALEY, KIMBERLY | |
| 260 |
_a[S.N] : _bWCB BROWN & BENCHANARK ، _c1992 |
||
| 300 | _a210 P | ||
| 650 | 0 | 4 | _aEXERCISES |
| 650 | 0 | 4 | _aJAZZ DANCE |
| 650 | 0 | 4 | _aJAZZ |
| 942 |
_2ddc _cBK |
||
| 999 |
_c11729 _d11729 |
||